000 00456pab a2200169 454500
008 180718b2005 xxu||||| |||| 00| 0 eng d
100 _aLarner, Wendy
245 _aNeo-liberalizing spaces and subjectivities: reinventing Newzealand universities
260 _c2005
300 _ap.843-62.
362 _aNov
650 _aUniversities - Newzealand
650 _aUniversities
700 _aHeron, Richard Le
773 _aOrganization
909 _a68082
999 _c68082
_d68082